00238nam a2200085Ia 4500008004100000245004300041260004200084260000900126999001700135170620s9999 xx 000 0 und d 0aMethods of Teaching Elementary Science bNew Delhi- Discovery Publishing House c2007 c24453d24453